000 00363nam a2200145Ia 4500
008 230917s9999||||xx |||||||||||||| ||und||
040 _e202473
_aMAIN
041 _aEnglish
082 _a320.50954 M687G
100 _aMishra, Anil Dutta
245 0 _aGandhi: Ek adhyayan
260 _aNew Delhi
_bPearson Education
_c2012
300 _aix, 284 p.
942 _cBK
999 _c173316
_d173316